| 000 | 01075 a2200193 4500 | ||
|---|---|---|---|
| 003 | Nust | ||
| 005 | 20230525121459.0 | ||
| 010 | _a38039068 | ||
| 040 | _cNust | ||
| 082 | _a823,CAN | ||
| 100 |
_aCannell, John Clucas _9112591 |
||
| 245 |
_aIn town to-night; _bthe story of the popular B. B. C. feature told from within _cJ. C. Cannell |
||
| 260 |
_aLondon [etc.] _bG. G. Harrap & company, ltd _c1935 |
||
| 300 |
_a311, [1] p _bfront _c1 illus _eplates, ports _f facsim _g 22 cm |
||
| 505 | _aHow In Town To Night (Page-15),Ordeal (Page-18), Adventures In Search Of Characters (Page-28),The Cats (Page-39), Mishaps And Surprise (Page-54), The Minds Behind (Page-71 ), On Board (Page-201),A Peer As A Tramp (Page-208), Gipsy Ways (Page-217), An Atlantic Drama (Page-224), Fleet Street Days (Page-231), An Artist In Sail (Page-243), The Women (Page-260),Escaping For A Living (Page-275), Surprise Items For The Empire (Page-286). | ||
| 600 |
_aCannell, John Clucas _9112591 |
||
| 650 |
_athe story of the popular B. B. C. feature told from within _9112592 |
||
| 942 |
_2ddc _cBK |
||
| 999 |
_c186751 _d186751 |
||